[Event "IECG CP.2003.P.00002 email"]
[Site "IECG email"]
[Date "2003.10.01"]
[Round "?"]
[White "Alonso, Rodolfo"]
[Black "Farris, Nasmichael"]
[Result "1-0"]
[WhiteElo "1995"]
[BlackElo "1000"]
[PlyCount "65"]
[EventDate "2003.10.01"]
[EventType "tourn (corr)"]
[EventRounds "6"]
[EventCountry "GER"]
[SourceTitle "Corr 2008"]
[Source "ChessBase"]
[SourceDate "2008.06.24"]
[SourceVersion "1"]
[SourceVersionDate "2008.06.24"]
[SourceQuality "1"]

1. d4 Nf6 2. c4 e6 3. Nc3 Bb4 4. Nf3 0-0 5. Bg5 d5 6. e3 c6 7. Qc2 Nbd7 8. Bd3 Be7 9. 0-0 dxc4 10. Bxc4 Nd5 11. Bxe7 Nxe7 12. Rfd1 b5 13. Bd3 Ng6 14. Be4 Qb6 15. a4 bxa4 16. Nxa4 Qc7 17. Qxc6 Qxc6 18. Bxc6 Rb8 19. Bxd7 Bxd7 20. Nc5 Bc6 21. b3 Ra8 22. Ne1 Nh4 23. Ra5 Rfe8 24. f3 Nf5 25. Nc2 Reb8 26. Rda1 h5 27. Rxa7 Rxa7 28. Rxa7 Ra8 29. Rxa8+ Bxa8 30. e4 Ne7 31. h4 g6 32. b4 Kf8 33. b5 1-0

[Event "IECG CP.2003.P.00002 email"]
[Site "IECG email"]
[Date "2003.10.01"]
[Round "?"]
[White "Lyew, Merrill"]
[Black "Farris, Nasmichael"]
[Result "1-0"]
[WhiteElo "1692"]
[BlackElo "1000"]
[PlyCount "71"]
[EventDate "2003.10.01"]
[EventType "tourn (corr)"]
[EventRounds "6"]
[EventCountry "GER"]
[SourceTitle "Corr 2008"]
[Source "ChessBase"]
[SourceDate "2008.06.24"]
[SourceVersion "1"]
[SourceVersionDate "2008.06.24"]
[SourceQuality "1"]

1. e4 e5 2. Nf3 Nc6 3. Bb5 Nf6 4. 0-0 Be7 5. Nc3 0-0 6. Bxc6 dxc6 7. Nxe5 c5 8. d3 Be6 9. h3 Nd7 10. Nxd7 Qxd7 11. Qf3 c6 12. Re1 Rae8 13. Be3 f5 14. Qg3 Rf6 15. Bf4 Rg6 16. Qe3 fxe4 17. Nxe4 Qd4 18. Qxd4 cxd4 19. Kf1 Rf8 20. Bg5 Bxg5 21. Nxg5 Bd7 22. Re7 Rxg5 23. Rxd7 Rgf5 24. f3 c5 25. Rxb7 R8f7 26. Rb8+ Rf8 27. Rxf8+ Kxf8 28. Re1 h5 29. Re4 Kf7 30. a3 a6 31. c3 g5 32. cxd4 cxd4 33. Rxd4 Rf4 34. Rxf4+ gxf4 35. d4 Ke6 36. Ke2 1-0

[Event "IECG TE.2003.P.01203 email"]
[Site "IECG email"]
[Date "2003.08.18"]
[Round "?"]
[White "Farris, Nasmichael"]
[Black "Sharapan, Dmitry"]
[Result "1-0"]
[WhiteElo "1000"]
[BlackElo "2150"]
[PlyCount "21"]
[EventDate "2003.08.18"]
[EventType "tourn (corr)"]
[EventRounds "12"]
[SourceTitle "Corr 2008"]
[Source "ChessBase"]
[SourceDate "2008.06.24"]
[SourceVersion "1"]
[SourceVersionDate "2008.06.24"]
[SourceQuality "1"]

1. e4 d5 2. exd5 Qxd5 3. Nc3 Qd6 4. d4 Nf6 5. Nf3 a6 6. Bd3 Bg4 7. h3 Bh5 8. Be3 Nc6 9. g4 Bg6 10. Qd2 Bxd3 11. Qxd3 1-0

[Event "IECG TE.2003.P.01203 email"]
[Site "IECG email"]
[Date "2003.08.18"]
[Round "?"]
[White "Vidalina, Franjo"]
[Black "Farris, Nasmichael"]
[Result "1-0"]
[WhiteElo "1848"]
[BlackElo "1000"]
[PlyCount "37"]
[EventDate "2003.08.18"]
[EventType "tourn (corr)"]
[EventRounds "12"]
[SourceTitle "Corr 2008"]
[Source "ChessBase"]
[SourceDate "2008.06.24"]
[SourceVersion "1"]
[SourceVersionDate "2008.06.24"]
[SourceQuality "1"]

1. e4 d5 2. exd5 Qxd5 3. Nc3 Qd6 4. d4 Nf6 5. Nf3 Nc6 6. a3 e6 7. Bd3 a6 8. 0-0 g6 9. Bg5 Bg7 10. Re1 0-0 11. Bxf6 Bxf6 12. Ne4 Qe7 13. Nxf6+ Qxf6 14. c3 Bd7 15. Qd2 Rae8 16. Be4 b5 17. Bxc6 Bxc6 18. Ne5 Qg5 19. Qxg5 1-0